Fr. Conceicao Rodrigues College of Engineering

The Lost symbol (Record no. 35310)

MARC details
000 -LEADER
fixed length control field 00284nam a2200145Ia 4500
082 ## - DEWEY DECIMAL CLASSIFICATION NUMBER
Item number BRO
100 ## - MAIN ENTRY--PERSONAL NAME
Personal name Brown/Dan
245 ## - TITLE STATEMENT
Title The Lost symbol
260 ## - PUBLICATION, DISTRIBUTION, ETC.
Name of publisher, distributor, etc. Corgi books
Date of publication, distribution, etc. 2009
300 ## - PHYSICAL DESCRIPTION
Extent 669
546 ## - LANGUAGE NOTE
Language note ENGLISH
-- Computers
650 ## - SUBJECT ADDED ENTRY--TOPICAL TERM
Topical term or geographic name entry element Fiction
942 ## - ADDED ENTRY ELEMENTS (KOHA)
Koha item type BOOK
Holdings
Withdrawn status Lost status Damaged status Not for loan Collection Home library Current library Date acquired Source of acquisition Inventory number Total Checkouts Full call number Barcode Date due Date last seen Date last checked out Price effective from Koha item type
        CRC Fr. Agnel's C.Rodrigues College of Engineering Fr. Agnel's C.Rodrigues- College of Engineering 17/03/2023 Book Service Syndicate 519 dt 28/03/2012 1 BRO 21885 30/06/2019 12/06/2023 12/06/2023   BOOK